banner-ar

INSTANT AMERICAN HISTORY : (Record no. 4818)

MARC details
000 -الفاتح
حقل البيانات ثابتة الطول 00601nam a2200193Ia 4500
008 - عناصر البيانات ثابتة الطول - معلومات عامة
حقل البيانات ثابتة الطول 140319s9999 xx 000 0 eng d
020 ## - الرقم الدولى المعيارى للكتب
الرقم الدولى المعيارى للكتاب 449906957
040 ## - مصدر الفهرسة
وكالة الفهرسة الأصلية GCL /
وكالة النسخ GCL
082 04 - رقم تصنيف ديوى العشرى
رقم التصنيف 973.7
رقم المادة U T
100 1# - المدخل الرئيسى - إسم شخصى
الإسم الشخصى UNGER, IRWIN
245 10 - بيان العنوان
العنوان INSTANT AMERICAN HISTORY :
بقية العنوان THROUGH THE CIVIL WAR AND RECONSTRUCTION /
بيان المسئوليه,etc UNGER, IRWIN
260 ## - PUBLICATION, DISTRIBUTION, ETC. (IMPRINT)
تاريخ النشر أو التوزيع 1999
300 ## - الوصف المادى
التعداد V111, 240 P
تفاصيل ماديه اخرى للوعاء ILL., MAPS ؛
أبعاد الوعاء 20 cm.
650 04 - المدخل الاضافى بالموضوع-مصطلح موضوعى
مصطلح موضوعي CIVIL WAR
650 04 - المدخل الاضافى بالموضوع-مصطلح موضوعى
مصطلح موضوعي UNITED STATES - HISTORY
650 04 - المدخل الاضافى بالموضوع-مصطلح موضوعى
مصطلح موضوعي UNITED STATES - HISTORY - CIVIL WAR, 1861 - 1865
942 ## - عناصر المدخل الإضافي( كوها)
مصدر التصنيف او مخطط الترفيف Dewey Decimal Classification
Koha [default] item type كتاب
260 ## - PUBLICATION, DISTRIBUTION, ETC. (IMPRINT)
-- نيويورك :
-- FAWCETT CREST ،
Holdings
حالة التراجع حالة الفقد حالة تلف ليس للاعارة المكان المؤقت الموقع الحالى تاريخ الاكتساب اجمالي اﻻعارات رقم الطلب الباركود تاريخ اخر مشاهدة تاريخ تفعيل السعر نوع وعاء كوها
        مكتبة القاهرة الكبرى مكتبة القاهرة الكبرى 03/26/2014   973.7\U T 10798 03/26/2014 03/26/2014 كتاب

Powered By

EGPV